000 00847nam a2200289 4500
999 _c7385
_d7385
001 7385
003 BD-JhCC
005 20180418173044.0
008 701120s1961 enk b 001 0 eng
035 _a(BD-JhCC)7385
035 _a(DLC) 62043389 /L
040 _dCUD
_dOCoLC
_aBD-JhCC
041 _aeng
050 0 4 _aJN276
_b.J55 1961
082 0 _a325.342
_bJEN 1965
100 1 _aJennings, Ivor,
_cSir,
_d1903-1965.
245 1 4 _aThe British Commonwealth of Nations /
_c Ivor Jennings,
250 _a[4th rev. ed.].
260 _aLondon :
_bHutchinson University Library,
_c[1961]
300 _a224 p. ;
_c19 cm.
490 0 _aHutchinson university library: Politics
504 _aIncludes bibliography.
650 0 _aImperial federation.
651 0 _aGreat Britain
_xColonies
_xAdministration.
942 _2ddc
_cBK